Guess the members from 50 Kpop Boy Groups - Statistics

General Stats
  • This quiz has been taken 525 times
  • The average score is 133 of 336
Answer Stats
Hint Answer % Correct
EXO Chen
96%
SEVENTEEN Jun
96%
iKON Chan
95%
&TEAM K
95%
BTS V
94%
Stray Kids Han
93%
VIXX N
93%
Stray Kids BangChan
92%
Stray Kids Felix
92%
Stray Kids I.N
92%
BTS Jin
92%
Big Ocean HyunJin
91%
Stray Kids Hyunjin
91%
Enhypen | iKON Jay
91%
&TEAM Jo
90%
Stray Kids Changbin
89%
BTS Jimin
89%
BTS Jungkook
89%
Enhypen Jake
88%
EXO Kai
88%
BTS Rm
88%
Stray Kids Seungmin
88%
BTS Suga
88%
BTS Jhope
87%
Stray Kids Lee Know
87%
Enhypen Niki
87%
NEXZ Yu
86%
Ateez San
85%
TxT Soobin
84%
Enhypen Heeseung
83%
BOYNEXTDOOR Sungho
83%
Enhypen Sunoo
83%
TxT Taehyun
83%
TxT Yeonjun
83%
TxT Beomgyu
82%
Enhypen Jungwon
81%
Enhypen Sunghoon
81%
EXO D.O
80%
GOT7 | NCT127, DREAM Mark
80%
Ateez Mingi
79%
TxT Huening Kai
78%
SEVENTEEN Woozi
78%
SEVENTEEN Dino
77%
SEVENTEEN Dk
77%
iKON DK
77%
SEVENTEEN Vernon
77%
BigBang GDragon
76%
SEVENTEEN Hoshi
76%
SEVENTEEN Joshua
76%
P1Harmony Keeho
76%
SEVENTEEN Mingyu
76%
SEVENTEEN S.Coups
76%
SEVENTEEN The8
76%
Ateez Wooyoung
76%
Ateez Seonghwa
74%
Ateez Hongjoong
73%
Ateez Jongho
73%
Ateez Yunho
73%
BOYNEXTDOOR | NCT127, DOJAEJUNG Jaehyun
72%
SEVENTEEN Seungkwan
71%
SEVENTEEN Wonwoo
71%
Ateez Yeosang
71%
SEVENTEEN Jeonghan
68%
ASTRO Moonbin
68%
P1Harmony Soul
68%
GOT7 Jackson
67%
ZeroBaseOne Ricky
67%
SHINee Taemin
67%
P1Harmony Intak
63%
8TURN | SHINee Minho
63%
ZeroBaseOne Matthew
62%
WayV Ten
62%
P1Harmony Theo
62%
ASTRO Eunwoo
61%
NCT127 Johnny
60%
EXO Baekhyun
59%
GOT7 BamBam
59%
NCT127, DOJAEJUNG | TREASURE Doyoung
59%
NCT127, DREAM Haechan
59%
EVNNE | ZeroBaseOne Hanbin
59%
SHINee Key
59%
BigBang Taeyang
59%
P1Harmony Jongseob
58%
NCT DREAM Jisung
57%
P1Harmony Jiung
57%
RIIZE Anton
56%
NEXZ Haru
56%
RIIZE Shotaro
56%
NCT127 Taeyong
56%
NCT DREAM Jaemin
55%
NCT127 Taeil
54%
RIIZE Wonbin
54%
WayV Xiaojun
54%
NCT127 Yuta
54%
ZeroBaseOne Zhang Hao
54%
THE BOYZ Eric
53%
EXO Suho
53%
WayV Winwin
53%
WayV Yangyang
53%
ZeroBaseOne Gunwook
52%
ZeroBaseOne Gyuvin
52%
NCT127, DOJAEJUNG Jungwoo
52%
WayV Kun
52%
NCT DREAM Chenle
51%
BOYNEXTDOOR Leehan
51%
NU'EST Ren
51%
ZeroBaseOne Taerae
51%
ZeroBaseOne Yujin
51%
WayV Hendery
50%
NCT DREAM Jeno
50%
SHINee Onew
50%
EXO Chanyeol
49%
SHINee Jonghyun
49%
&TEAM Maki
49%
EXO Sehun
49%
RIIZE Seunghan
49%
RIIZE Sohee
49%
EXO Xiumin
49%
BigBang Daesung
48%
AMPERS&ONE Jiho
48%
ZeroBaseOne Jiwoong
48%
NCT DREAM Renjun
48%
BOYNEXTDOOR Riwoo
48%
Ghost9 Shin
48%
BOYNEXTDOOR Taesan
48%
THE BOYZ Q
47%
RIIZE Sungchan
47%
Monsta X I.M
46%
THE BOYZ Kevin
46%
&TEAM Taki
46%
BOYNEXTDOOR Woonhak
46%
EVNNE Jihoo
45%
GOT7 | TWS Youngjae
44%
82MAJOR | Xikers Yechan
43%
TREASURE | TWS Jihoon
41%
GOT7 Jay B
40%
ASTRO Sanha
40%
GOT7 Jinyoung
39%
BTOB | Monsta X Minhyuk
39%
&TEAM Nicholas
39%
THE BOYZ Sunwoo
39%
RIIZE Eunseok
38%
TREASURE Yoshi
38%
GOT7 Yugyeom
38%
ASTRO JinJin
37%
ASTRO MJ
37%
&TEAM EJ
36%
&TEAM Fuma
36%
TREASURE Haruto
36%
Pentagon Hui
36%
Xikers Hunter
36%
THE BOYZ Jacob
36%
Monsta X Shownu
36%
iKON Bobby
35%
THE BOYZ New
34%
NCT WISH Sakuya
34%
BTOB Peniel
33%
NCT WISH Riku
33%
&TEAM Yuma
33%
&TEAM Harua
32%
Super Junior Heechul
31%
Monsta X Hyungwon
31%
Monsta X Joohoney
31%
Xdinary Heroes O.de
31%
NCT WISH Sion
31%
TREASURE Asahi
30%
Xdinary Heroes Gaon
30%
8TURN | TWS Kyungmin
30%
NCT WISH Ryo
30%
VIXX Ken
29%
Monsta X Kihyun
29%
Xikers Minjae
29%
Day6 Wonpil
29%
Day6 Young K
29%
Xdinary Heroes Gunil
28%
TREASURE Hyunsuk
28%
Xdinary Heroes Jun Han
28%
THE BOYZ Juyeon
28%
TWS Shinyu
28%
NCT WISH Yushi
28%
TWS Dohoon
27%
Super Junior Shindong
27%
THE BOYZ Hyunjae
26%
Xdinary Heroes Jooyeon
26%
NCT WISH Jaehee
25%
Xdinary Heroes Jungsu
25%
Xikers Seeun
25%
Cravity Serim
25%
Xikers Sumin
25%
Ghost9 Prince
24%
THE BOYZ Sangyeon
24%
THE BOYZ Younghoon
24%
TREASURE Jeongwoo
23%
Xikers Jinsik
23%
AMPERS&ONE Kamden
23%
Super Junior Leeteuk
23%
Cravity Seongmin
23%
NOWADAYS | Winner Yoon
23%
TWS Hanjin
22%
TREASURE Junkyu
22%
Winner Mino
22%
Cravity Taeyoung
22%
Cravity Allen
21%
AMPERS&ONE Brian
21%
AB6IX Daehwi
21%
BTOB Eunkwang
21%
TREASURE Jaehyuk
21%
Cravity Minhee
21%
Xikers Hyunwoo
20%
THE BOYZ JuHaknyeon
20%
TREASURE Junghwan
20%
Xikers Junmin
20%
EVNNE Keita
20%
iKON Song
20%
Cravity Woobin
20%
AB6IX | Ghost9 Woojin
20%
Xikers Yujun
20%
Day6 Dowoon
19%
Xikers Junghoon
19%
Cravity Jungmo
19%
ONEUS Leedo
19%
AMPERS&ONE Mackiah
19%
Super Junior Siwon
19%
ONEUS Xion
19%
ONEUS Hwanwoong
18%
Cravity Hyeongjun
18%
iKON JUNE
18%
AMPERS&ONE Kyrell
18%
Super Junior Kyuhyun
18%
VIXX Leo
18%
NEXZ Tomoya
18%
Pentagon Kino
17%
NU'EST Minhyun
17%
Cravity Wonjin
17%
NEXZ Yuki
17%
NU'EST Baekho
16%
Blitzers Chris
16%
Super Junior Eunhyuk
16%
ONEUS Keonhee
16%
ONEUS Seoho
16%
8TURN Seungheon
16%
BTOB Sungjae
16%
Super Junior Donghae
15%
Big Ocean Jiseok
15%
Pentagon Wooseok
15%
BTOB Changsub
14%
NEXZ Hyui
14%
AMPERS&ONE Seungmo
14%
AMPERS&ONE | NOWADAYS Siyun
14%
NEXZ So Geon
14%
Super Junior Yesung
14%
Pentagon Yuto
14%
Big Ocean ChanYeon
13%
BTOB Hyunsik
13%
Super Junior Ryeowook
13%
NEXZ Seita
13%
ALL(H)OURS Xayden
13%
Pentagon Yan An
13%
NU'EST Aron
12%
Pentagon Hongseok
12%
8TURN Jaeyun
12%
EVNNE Jeonghyeon
12%
Winner Jinu
12%
NU'EST JR
12%
ALL(H)OURS ON:N
12%
VICTON Hanse
11%
Winner Hoony
11%
VIXX Hyuk
11%
ALL(H)OURS Hyunbin
11%
Pentagon Jinho
11%
EVNNE Junghyun
11%
ALL(H)OURS Kunho
11%
ALL(H)OURS Masami
11%
ALL(H)OURS Minje
11%
82MAJOR Seongmo
11%
EVNNE Seungeon
11%
Pentagon Yeo One
11%
EVNNE Yunseo
11%
Kingdom Dann
10%
82MAJOR Dogyun
10%
Ghost9 Jinwoo
10%
Kingdom Louis
10%
VICTON Seungwoo
10%
VICTON Subin
10%
AB6IX Woong
10%
ALL(H)OURS Youmin
10%
Kingdom Arthur
9%
8TURN Haemin
9%
Kingdom Ivan
9%
82MAJOR Seongbin
9%
82MAJOR Seongil
9%
Pentagon Shinwon
9%
AB6IX Donghyun
8%
Blitzers Juhan
8%
8TURN Myungho
8%
82MAJOR Seokjoon
8%
8TURN Yungyu
8%
Blitzers Jinhwa
7%
Kingdom Mujin
7%
VICTON Sejun
7%
8TURN Yoonsung
7%
VICTON Byungchan
6%
Kingdom Hwon
6%
Kingdom Jahan
6%
Blitzers Lutan
6%
Blitzers Sya
6%
Blitzers Wooju
6%
NOWADAYS Jinhyuk
5%
VICTON Seungsik
5%
NOWADAYS Yeonwoo
5%
NOWADAYS Hyeonbin
4%
Ghost9 Junhyung
4%
Ghost9 Junseong
4%
Ghost9 Kangsung
4%
E’LAST Rano
4%
E’LAST Romin
4%
E’LAST Wonhyuk
4%
E’LAST Wonjun
4%
E’LAST Yejun
4%
E’LAST Baekgyeul
3%
E’LAST Choi In
3%
E’LAST Seungyeop
3%
No matching quizzes found
Score Distribution
Percent of People with Each Score
Percentile by Number Answered
Your Score History
You have not taken this quiz